000 00587nam a2200193Ia 4500
005 20250508164924.0
008 008 250505s9999 xx 000 0 eng d
037 _aDissertations
040 _aFEDL
_beng
_cFEDL
041 _aeng
_2eng
084 _a370, SHA/DI
_qFEDL
100 _aSharma Girish Kr.
_9775531
245 0 _aStudy of the process of total literacy campaign with reference to its mathematics component
260 _c1996
300 _a81p.
546 _aM.Ed. Disseration (Delhi University)
942 _cDIS
_h370, SHA/DI
999 _c1392038
_d1392038